Les pays possédent l’arme nucléaire - Statistiques

Statistiques générales
  • Ce quiz a été pris 109 fois
  • Le résultat moyen est 8 sur 9
Statistiques - réponses
Nom des Pays % Correct
France
100%
USA
100%
Chine
98%
Russie
96%
Corée du Nord
88%
Inde
87%
Pakistan
81%
Israel
80%
UK
68%
Aucun quiz correspondant
Distribution des résultats
% des personnes avec chaque résultat
Percentile par nombre de réponses
Votre historique - résultats
Vous n’avez pas pris ce quiz